| Поле | Название | Значение |
| |
Тип записи |
a |
| |
Библиографический уровень |
m |
| 001 |
Контрольный номер |
f19b115ac8f54154a24f62756aa85fe6 |
| 005 |
Дата корректировки |
20240410121214.3 |
| 010 |
Индекс ISBN |
__ |
| a |
ISBN |
978-5-04-093249-8 (в пер.) |
| d |
Цена |
489-50, 5000 экз. |
| 100 |
Данные общей обработки |
__ |
| a |
Данные общей обработки |
19190415d2018||||||| 0rusy0189 ca |
| 101 |
Язык документа |
0_ |
| a |
Язык текста |
rus |
| 102 |
Страна публикации |
__ |
| a |
Страна публикации |
RU| |
| 102 |
Страна публикации |
__ |
| a |
Страна публикации |
RU |
| 105 |
Кодированные данные (монография) |
__ |
| a |
Кодированные данные (монография) |
a||||||||||zy |
| 200 |
Заглавие и сведения об ответственности |
1_ |
| a |
Заглавие |
Тайна на дне колодца |
| e |
Сведения, относящиеся к заглавию |
[для среднего школьного возраста] |
| f |
Первые сведения об ответственности |
Николай Носов ; иллюстрации Владимира Канивца |
| b |
Общее обозначение материала |
Текст |
| 210 |
Выходные данные |
1_ |
| a |
Место издания |
Москва |
| c |
Издательство |
#эксмодетство |
| c |
Издательство |
Издание И. П. Носова |
| d |
Дата издания |
2018 |
| 215 |
Физическое описание |
__ |
| a |
Объем |
371, [4] с. |
| c |
Иллюстрации/тип воспроизводства |
цв. ил. |
| d |
Формат |
23 см |
| 330 |
Аннотация |
__ |
| a |
Аннотация |
Семейная легенда позволяет автору нанизывать истории из своего детства и юности на нитку "тайны на дне колодца". Какую загадку хранит колодец около старого дома? Может быть, золото и сокровища? А может, счастье и привязанность? Смешные и поучительные эпизоды автобиографической повести Николая Носова позднее перекочуют в его рассказы, повести и сказки, а тонко переданная атмосфера того времени послужит мостиком между несколькими поколениями читателей. |
| 333 |
Примечание о целевом назначении |
__ |
| a |
Примечание о целевом назначении |
6+. Для детей старше шести лет |
| 606 |
Тематические рубрики |
__ |
| a |
Основная рубрика |
Художественная литература |
| 606 |
Тематические рубрики |
__ |
| a |
Основная рубрика |
Русская литература XX в. (произведения) |
| 610 |
Ключевые слова |
0_ |
| a |
Ключевые слова |
детская литература |
| 610 |
Ключевые слова |
0_ |
| a |
Ключевые слова |
повести |
| 610 |
Ключевые слова |
0_ |
| a |
Ключевые слова |
тема детей |
| 610 |
Ключевые слова |
0_ |
| a |
Ключевые слова |
тема дружбы |
| 610 |
Ключевые слова |
0_ |
| a |
Ключевые слова |
тема приключений |
| 610 |
Ключевые слова |
0_ |
| a |
Ключевые слова |
тема детства |
| 610 |
Ключевые слова |
0_ |
| a |
Ключевые слова |
автобиографические повести |
| 610 |
Ключевые слова |
0_ |
| a |
Ключевые слова |
тема семьи |
| 610 |
Ключевые слова |
0_ |
| a |
Ключевые слова |
тема счастья |
| 686 |
Индексы других классификаций |
__ |
| 2 |
Код системы |
rubbks |
| a |
Классификационный индекс |
ст84(2=411.2)6-4 |
| 700 |
Автор |
_1 |
| a |
Фамилия |
Носов |
| b |
Имя |
Н. Н. |
| f |
Даты |
1908-1976 |
| g |
Полное личное имя |
Николай Николаевич |
| 4 |
Код отношения |
070 |
| 702 |
Вторичная интеллектуальная ответственность |
_1 |
| a |
Фамилия |
Канивец |
| b |
Имя |
В. М. |
| 4 |
Код отношения |
Художник |
| f |
Даты |
1957- |
| g |
Полное личное имя |
Владимир Михайлович |
| 4 |
Код отношения |
040 |
| 801 |
Источник записи |
_0 |
| a |
Страна |
RU |
| b |
Организация |
Муниципальное бюджетное учреждение культуры "Централизованная библиотечная система" г. Сургут (Центральная городская библиотека им. А. С. Пушкина) |
| c |
Дата составления |
20190415 |
| g |
Правила каталогизации |
PSBO |
| 801 |
Источник записи |
_1 |
| a |
Страна |
RU |
| b |
Организация |
Муниципальное бюджетное учреждение культуры "Централизованная библиотечная система" г. Сургут (Центральная городская библиотека им. А. С. Пушкина) |
| c |
Дата составления |
20190415 |
| g |
Правила каталогизации |
PSBO |
| 852 |
Данные о местонахождении |
__ |
| j |
Шифр хранения |
ст84(2=411.2)6-4 |
| i |
Авторский знак |
Н 84 |
| 901 |
Тип документа |
__ |
| a |
Ответственный |
ООФиК/Волкова |
| t |
Тип документа |
m |
| 903 |
Характеристики (МАРС) |
__ |
| a |
Дата передачи |
20190415 |
| 969 |
Тип издания |
__ |
| a |
Тип издания |
издание для детей |
| 990 |
Данные о заказе (DOS) |
__ |
| j |
Количество экземпляров (DOS) |
9 |
| t |
N записи в КСУ для И/У (DOS) |
201905 |